[Event "Sitges op 29th"]
[Site "Sitges"]
[Date "2003.07.19"]
[Round "2"]
[White "Alonso, Salvador"]
[Black "Dominguez, Joan"]
[Result "1-0"]
[WhiteElo "2474"]
[BlackElo "2148"]
[PlyCount "37"]
[EventDate "2003.07.18"]
[EventType "swiss"]
[EventRounds "9"]
[EventCountry "ESP"]
[SourceTitle "CBM 095 Extra"]
[Source "ChessBase"]
[SourceDate "2003.09.04"]
[SourceVersion "1"]
[SourceVersionDate "2003.09.04"]
[SourceQuality "1"]

1. e4 e5 2. Nf3 Nc6 3. d4 exd4 4. Nxd4 Nf6 5. Nxc6 bxc6 6. e5 Nd5 7. Bd3 Qh4 8. 0-0 Bc5 9. g3 Qh3 10. c4 Ne7 11. Nd2 Ng6 12. Ne4 Be7 13. f4 h5 14. Qe1 Nh4 15. Rf2 Kd8 16. f5 f6 17. Qe2 d5 18. exd6 Bxd6 19. Ng5 1-0